Postulación de Valparaíso como sitio del Patrimonio Mundial UNESCO

-д хадгалсан:
Номзүйн дэлгэрэнгүй
Байгууллагын зохиогчид: Consejo de Monumentos Nacionales (Зохиогч), I. Municipalidad de Valparaíso (Зохиогч)
Формат: Ном
Хэл сонгох:испани
Хэвлэсэн: Santiago Consejo de Monumentos Nacionales 2001
Хэвлэл:1a. ed
Нөхцлүүд:
Шошгууд: Шошго нэмэх
Шошго байхгүй, Энэхүү баримтыг шошголох эхний хүн болох!

MARC

LEADER 00000nam a2200000 a 4500
001 UCJ8734
003 CL-VaPUC
008 070124e20011200CL |||||||||||||||||spa|d
082 0 4 |a 983  |b CON  |2 21 
110 2 |a Consejo de Monumentos Nacionales  |e author  |9 517743 
651 0 |a Valparaíso, Chile  |9 261144 
710 2 |a I. Municipalidad de Valparaíso  |e author  |9 517744 
245 1 0 |a Postulación de Valparaíso como sitio del Patrimonio Mundial UNESCO 
250 |a 1a. ed 
300 |a 105 p 
942 |c BK 
945 |d 20070124 00:00:00  |a fvergara 
260 |a Santiago  |b Consejo de Monumentos Nacionales  |c 2001 
500 |a En 1998, el Gobierno de Chile y la Ilustre Municipalidad de Valparaíso, luego de la inclusión de la ciudad en la Lista tentativa de bienes Culturales de Chile a ser postulados como sitio del Patrimonio Mundial, iniciaron el Proceso de Postulación como tal de un sector de la ciudad, su casco histórico, evidenciando el compromiso del país con la conservación de sus valores, y exponiendo los avances logrados hasta entonces 
500 |a Durante los tres últimos años ese compromiso ha dado lugar a renovados esfuerzos por mejorar las condiciones de protección y gestión del patrimonio porteño, fruto de los cuales es el presente Expediente 
500 |a Este libro, contiene 21 ilustraciones, entre las que figuran fotografías, Planos y mapas de la ciudad, dos de los cuales fueron facilitados por nuestra Biblioteca. Además, incluye un interesante listado con los anexos y complementos que formaron parte del baúl que acompañaban al expediente 
650 0 |a Historia local  |9 266584 
650 0 |a Valparaíso histórico  |9 266586 
650 7 |a PATRIMONIO DE LA HUMANIDAD  |2 CL-VaPUC  |9 517745 
650 7 |a CASCO HISTORICO  |2 CL-VaPUC  |9 517746 
650 0 |a Planificación territorial  |9 517747 
650 7 |a LEY DE DONACIONES CULTURALES  |2 CL-VaPUC  |9 517748 
650 7 |a LEY DE MONUMENTOS  |2 CL-VaPUC  |9 517749 
583 |a last modification  |c 20160830 01:40:53  |k Rodrigo Vera 
999 |c 324388  |d 324386 
952 |0 0  |1 0  |4 0  |6 983_000000000000000_CON_2001  |7 0  |8 X  |9 404484  |a FDOBUD  |b FDOBUD  |d 2019-11-22  |i 1083368  |o 983 CON 2001  |p 1083368  |r 2019-11-22  |w 2019-11-22  |y BK_X  |k BUD